书目信息 |
| 题名: |
混凝土结构设计
|
|
| 作者: | 白国良 , 王毅红 主编 | |
| 分册: | ||
| 出版信息: | 武汉 武汉理工大学出版社 2021.6 |
|
| 页数: | 233页 | |
| 开本: | 30cm | |
| 丛书名: | ||
| 单 册: | ||
| 中图分类: | TU370.4 | |
| 科图分类: | ||
| 主题词: | 混凝土结构--结构设计--高等学校--教材 | |
| 电子资源: | ||
| ISBN: | 978-7-5629-3609-1 | |
| 000 | 00838nam0 2200253 45 | |
| 001 | 012001002295 | |
| 005 | 20140913162203.0 | |
| 010 | @a978-7-5629-3609-1@dCNY28.00 | |
| 100 | @a20120306d2011 em y0chiy50 ea | |
| 101 | 0 | @achi |
| 102 | @aCN@b420000 | |
| 105 | @ay z 000yy | |
| 106 | @ar | |
| 200 | 1 | @a混凝土结构设计@Ahun ning tu jie gou she ji@b专著@e新1版@f白国良,王毅红主编 |
| 210 | @a武汉@c武汉理工大学出版社@d2021.6 | |
| 215 | @a233页@d30cm | |
| 300 | @a普通高等学校土木工程专业新编系列教材 | |
| 330 | @a本书内容包括:绪论,梁板结构,单层厂房结构,多、高层框架结构。 | |
| 606 | 0 | @a混凝土结构@x结构设计@x高等学校@j教材 |
| 690 | @aTU370.4@v5 | |
| 701 | 0 | @a白国良@Abai guo liang@f(1955 )@4主编 |
| 701 | 0 | @a王毅红@Awang yi hong@f(1955 )@4主编 |
| 801 | 0 | @aCN@bBJSDL@c20211011 |
| 905 | @b1339171-4@dTU370.4@e2021@f4 | |
| 混凝土结构设计:新1版/白国良,王毅红主编.-武汉:武汉理工大学出版社,2021.6 |
| 233页;30cm |
| 普通高等学校土木工程专业新编系列教材 |
| ISBN 978-7-5629-3609-1:CNY28.00 |
| 本书内容包括:绪论,梁板结构,单层厂房结构,多、高层框架结构。 |
| ● |
| 相关链接 |
|
|
|
|
正题名:混凝土结构设计
索取号:TU370.4/2021
 
预约/预借
| 序号 | 登录号 | 条形码 | 馆藏地/架位号 | 状态 | 备注 |
| 1 | 1339171 | 213391710 | 第二样本阅览室/ [索取号:TU370.4/2021] | 在馆 | |
| 2 | 1339172 | 213391729 | 第三借阅区/ [索取号:TU370.4/2021] | 在馆 | |
| 3 | 1339173 | 213391738 | 第三借阅区/ [索取号:TU370.4/2021] | 在馆 | |
| 4 | 1339174 | 213391747 | 第三借阅区/ [索取号:TU370.4/2021] | 在馆 |